[Event "Lippe Cup 05th"]
[Site "Lieme"]
[Date "2008.09.28"]
[Round "4"]
[White "Hilverda, Jan"]
[Black "Hinse, Christopher"]
[Result "0-1"]
[WhiteElo "939"]
[BlackElo "1062"]
[PlyCount "120"]
[EventDate "2008.09.26"]
[EventType "swiss"]
[EventRounds "5"]
[EventCountry "GER"]
[SourceTitle "EXT 2012"]
[Source "ChessBase"]
[SourceDate "2011.11.24"]
[SourceVersion "1"]
[SourceVersionDate "2011.11.24"]
[SourceQuality "1"]

1. e4 g6 2. Nf3 Bg7 3. d4 d6 4. Nbd2 Nc6 5. c3 Nf6 6. Be2 0-0 7. 0-0 Bd7 8. Re1 d5 9. exd5 Nxd5 10. Nc4 b5 11. Nce5 Nxe5 12. dxe5 Bc6 13. Nd4 Qd7 14. c4 bxc4 15. Bxc4 e6 16. Nxc6 Qxc6 17. Bb3 Rad8 18. Qf3 Qc5 19. Be3 Nxe3 20. Rxe3 Bxe5 21. Qe2 Rd6 22. Rxe5 Qb6 23. Re1 Re8 24. Qg4 h5 25. Rxh5 Rd2 26. Re2 Rxe2 27. Qxe2 gxh5 28. Qxh5 Qb4 29. Qg5+ Kf8 30. h3 Qe1+ 31. Kh2 Qxf2 32. Qh6+ Ke7 33. Qg5+ Qf6 34. Qc5+ Kd8 35. Ba4 Re7 36. Qxa7 Qe5+ 37. Kg1 c5 38. Qa8+ Kc7 39. Qa5+ Kd6 40. Qd2+ Qd4+ 41. Qxd4+ cxd4 42. Kf2 e5 43. b4 e4 44. Ke2 f5 45. Bc2 d3+ 46. Bxd3 exd3+ 47. Kxd3 Rg7 48. g4 f4 49. Ke4 Rf7 50. Kf3 Ke5 51. a4 Rd7 52. h4 Rd3+ 53. Ke2 Ke4 54. g5 f3+ 55. Kf2 Rd2+ 56. Kg3 f2 57. Kg4 f1Q 58. g6 Rg2+ 59. Kh5 Qf5+ 60. Kh6 Qxg6# 0-1

[Event "Lippe Cup 03rd"]
[Site "Lieme"]
[Date "2006.10.08"]
[Round "4"]
[White "Altenbernd, Jannis Domenik"]
[Black "Hinse, Christopher"]
[Result "1-0"]
[WhiteElo "1153"]
[BlackElo "1072"]
[PlyCount "95"]
[EventDate "2006.10.06"]
[EventType "swiss"]
[EventRounds "5"]
[EventCountry "GER"]
[SourceTitle "EXT 2012"]
[Source "ChessBase"]
[SourceDate "2011.11.24"]
[SourceVersion "1"]
[SourceVersionDate "2011.11.24"]
[SourceQuality "1"]

1. d4 g6 2. c4 Bg7 3. Nc3 d6 4. Nf3 Nc6 5. e3 Bf5 6. h3 Nb4 7. Qa4+ Nc6 8. d5 Bxc3+ 9. bxc3 Bd7 10. dxc6 Bxc6 11. Qd1 e5 12. Rb1 Qf6 13. Bd2 0-0-0 14. Be2 e4 15. Nd4 d5 16. Nxc6 Qxc6 17. Qb3 Ne7 18. Rb2 Nf5 19. cxd5 Rxd5 20. Bc4 Rd7 21. Bb5 Qe6 22. Qxe6 fxe6 23. Bxd7+ Kxd7 24. Rxb7 a5 25. 0-0 Rd8 26. Bc1 Kc8 27. Ra7 Nd6 28. Rd1 Nb5 29. Rxd8+ Kxd8 30. Rxa5 Nxc3 31. Bb2 Nd5 32. Rb5 Nb6 33. Bd4 Nc4 34. a4 c6 35. Rc5 Nb6 36. a5 Nd5 37. a6 Kc7 38. a7 Kb7 39. Ra5 Nc7 40. Bb6 Ka8 41. Bxc7 c5 42. Bb8 c4 43. Rc5 c3 44. Rxc3 e5 45. f3 exf3 46. gxf3 h5 47. f4 exf4 48. e4 1-0